Synthesis raport on the seminar on land-use policies Stockholm /Sweden/, 12-17 June 1978

Guardado en:
Detalles Bibliográficos
Autor principal: Lecourt, R.
Formato: Libro
Lenguaje:inglés
Publicado: New York Nations Unies 1980
Etiquetas: Agregar Etiqueta
Sin Etiquetas, Sea el primero en etiquetar este registro!

MARC

LEADER 00000nam a2200000 4500
001 c142812
005 20041019155325.9
041 0 |a eng 
044 |a US 
245 1 0 |a Synthesis raport on the seminar on land-use policies  |b Stockholm /Sweden/, 12-17 June 1978  |c R. Lecourt 
264 1 |a New York  |b Nations Unies  |c 1980 
300 |a 57 s. 
100 1 |a Lecourt, R.